000 003310000a22001330004500
041 0 _aENG
082 0 4 _aG 970.01 M861c
100 1 _aMorison, Samuel Eliot (1887-1976)
245 1 0 _aChristopher Columbus, Mariner / Samuel Eliot Morison
260 _aNew York, N.Y., USA : Mentor
300 _a160 Pag
001 11609
942 _cBK
999 _c40836
_d40836